| 000 | 00287 a2200121 4500 | ||
|---|---|---|---|
| 999 |
_c321785 _d321785 |
||
| 001 | 86712 | ||
| 003 | NUST | ||
| 005 | 20180123110901.0 | ||
| 008 | 180123b xxu||||| |||| 00| 0 eng d | ||
| 082 | _a355.48 ARA | ||
| 100 |
_aJahan Ara Imam _99576 |
||
| 245 |
_aIkhatar Kay wo Din _hUrdu |
||
| 260 |
_aLahore _bJamhoori Publishers _c2010 |
||
| 300 | _a376p. | ||
| 942 |
_aCAE NUST _cBK _k355.48 ARA _2ddc |
||